000 00265nam a22001337a 4500
082 _a814.812.3
_bSUD/O
100 _aSUDIN
245 _aORU THULLI MOUNAM
260 _aATTINGAL
_bS.SUDIN
_c2007
300 _a128
520 _aNOVEL
650 _aNOVEL
942 _cBK
999 _c5191
_d5191